Statistics for All AP Top 1 Football Teams

Click here to take the quiz!

General Stats

  • This quiz has been taken 16 times
  • The average score is 246 of 267

Answer Stats

YearTeam% Correct
1961 | 1962 | 1964 | +22 othersAlabama
100%
1989 | 1990Colorado
100%
1985 | 1994 | 1996 | +5 othersFlorida
100%
1942 | 1980 | 2008 | +2 othersGeorgia
100%
1947 | 1948 | 1949 | +7 othersMichigan
100%
1951 | 1952 | 1956 | +4 othersMichigan State
100%
1936 | 1940 | 1941 | 1960Minnesota
100%
1942 | 1950 | 1954 | +18 othersOhio State
100%
2010 | 2012Oregon
100%
1976 | 1978 | 1981 | +5 othersPenn State
100%
1941 | 1946 | 1961 | +11 othersTexas
100%
1982 | 1984 | 1992Washington
100%
1952Wisconsin
100%
1988 | 1991 | 1993 | +6 othersFlorida State
94%
1960 | 1961 | 1985Iowa
94%
1958 | 1959 | 2007 | +2 othersLSU
94%
1965 | 1970 | 1971 | +10 othersNebraska
94%
1948North Carolina
94%
1950 | 1954 | 1955 | +15 othersOklahoma
94%
1990Virginia
94%
1957 | 1958 | 1984 | +2 othersAuburn
88%
1981 | 2015 | 2016 | +4 othersClemson
88%
1983 | 1984 | 1986 | +8 othersMiami (FL)
88%
1960 | 2007Missouri
88%
1938 | 1943 | 1944 | +23 othersNotre Dame
88%
1968Purdue
88%
1939 | 1951 | 1956 | 1998Tennessee
88%
1939 | 1957Texas A&M
88%
1954 | 1955 | 1967 | 1988UCLA
88%
1962 | 1963 | 1967 | +12 othersUSC
88%
1953 | 1955Maryland
81%
2014Mississippi State
81%
1960 | 1961 | 1964Ole Miss
81%
1965Arkansas
75%
1936 | 1962Northwestern
75%
1959 | 1960Syracuse
75%
1938TCU
75%
1944 | 1945 | 1946 | +2 othersArmy
69%
1942Boston College
69%
1984BYU
69%
1937 | 1951California
69%
1937 | 1938 | 1939 | +2 othersPittsburgh
63%
1950SMU
50%
1940Cornell
13%

Score Distribution

Percentile by Number Answered

Percent of People with Each Score

Your Score History

You have not taken this quiz